LIBRARY & INFORMATION CENTRE, KCAET, TAVANUR

ONLINE PUBLIC ACCESS CATALOGUE (OPAC)

Operation of soil working implements in hilly regions / (Record no. 7374)

MARC details
000 -LEADER
fixed length control field 00510cam a2200193ua 4500
041 ## - LANGUAGE CODE
Language code of text/sound track or separate title eng
082 ## - DEWEY DECIMAL CLASSIFICATION NUMBER
Classification number 631.51
Item number KHA/OP
100 ## - MAIN ENTRY--AUTHOR NAME
Personal name Khachatryan, A .
245 ## - TITLE STATEMENT
Title Operation of soil working implements in hilly regions /
250 ## - EDITION STATEMENT
Edition statement 1 /
260 ## - PUBLICATION, DISTRIBUTION, ETC. (IMPRINT)
Place of publication New Delhi :
Name of publisher Amerind Publishing Co Pvt Ltd ,
Year of publication 1985.
300 ## - PHYSICAL DESCRIPTION
Number of Pages 231 ; .
942 ## - ADDED ENTRY ELEMENTS (KOHA)
Koha item type Books
Holdings
Withdrawn status Lost status Damaged status Home library Current library Date acquired Full call number Accession Number Koha item type
      KAUAET KAUAET 07/04/2012 631.51 19695 Books
      KAUAET KAUAET 01/09/1986 631.51 15550 Books
free website counter